000 00893cam a2200265 a 4500
999 _c7794
_d7794
001 7794
003 BD-JhCC
005 20180214101221.0
008 830622s1981 ii b 001 0 eng
020 _cTk90.00 ($10.00 U.S.)
035 _a(BD-JhCC)7794
040 _aDLC
_cDLC
_dDLC
_dBD-JhCC
041 _aeng
050 0 0 _aQ127.2
_b.A3 1981
082 0 0 _a338.9/009172/4
_219
_bAFZ 1981
100 1 _aAfzal, Syed Ali.
245 1 0 _aScience for survival :
_brole of science and technology in the development efforts of the other two-thirds of mankind /
_cSyed Ali Afzal.
260 _aDacca :
_bGrantha Stabak :
_bavailable at National Book Centre,
_cc1981.
300 _axiii, 378 p. ;
_c22 cm.
504 _aIncludes bibliographical references and index.
650 0 _aScience
_zDeveloping countries.
650 0 _aTechnology
_zDeveloping countries.
942 _2ddc
_cBK